| 000 | 01062nam a22001937a 4500 | ||
|---|---|---|---|
| 005 | 20240213143006.0 | ||
| 010 | _aB-757482-484 | ||
| 020 |
_c350.000 _a9789395226486 |
||
| 035 | _aB-757482-484 | ||
| 037 | _bअद्वेत प्रकाशन | ||
| 082 | _a821 | ||
| 100 |
_aनीरद, जयसिंह _962018 |
||
| 245 |
_aपसरी हुई हथेलियों का शहर / _cजयसिंह नीरद |
||
| 260 |
_aदिल्ली _bअद्वेत प्रकाशन _c2023 |
||
| 270 |
_aई -17, पंचशील गार्डन , नवीन शाहदरा _bदिल्ली _e110032 |
||
| 300 |
_a132 पृ.. _c22सेमी (सजिल्द) |
||
| 942 |
_2ddc _cHN _h821 _mनीरद |
||
| 999 |
_c200466 _d200466 |
||